[Event "WchT Seniors 65"]
[Site "Prague"]
[Date "2020.03.08"]
[Round "3.13"]
[White "Herzog, Adolf"]
[Black "Gurtovoi, Borys"]
[Result "1-0"]
[WhiteElo "2312"]
[BlackElo "1704"]
[PlyCount "38"]
[EventDate "2020.03.06"]
[EventType "team-swiss"]
[EventRounds "7"]
[EventCountry "CZE"]
[SourceTitle "CBM 195 Extra"]
[Source "ChessBase"]
[SourceDate "2020.05.31"]
[SourceVersion "1"]
[SourceVersionDate "2020.05.31"]
[SourceQuality "1"]
[WhiteTeam "Austria 65"]
[BlackTeam "Ukraine 65"]
[WhiteTeamCountry "AUT"]
[BlackTeamCountry "UKR"]

1. c4 Nf6 2. Nc3 c6 3. e4 d6 4. d4 Qc7 5. f4 e5 6. Nf3 Bg4 7. Be2 Nbd7 8. Be3 Be7 9. 0-0 0-0 10. Rc1 a6 11. Kh1 Rad8 12. Nh4 Bxe2 13. Qxe2 Rfe8 14. Nf5 Bf8 15. fxe5 dxe5 16. d5 c5 17. Bg5 Kh8 18. Rcd1 Bd6 19. Nh6 Rf8 1-0

[Event "WchT Seniors 65"]
[Site "Prague"]
[Date "2020.03.07"]
[Round "2.1"]
[White "Balashov, Yuri S"]
[Black "Herzog, Adolf"]
[Result "0-1"]
[WhiteElo "2465"]
[BlackElo "2312"]
[PlyCount "70"]
[EventDate "2020.03.06"]
[EventType "team-swiss"]
[EventRounds "7"]
[EventCountry "CZE"]
[SourceTitle "CBM 195 Extra"]
[Source "ChessBase"]
[SourceDate "2020.05.31"]
[SourceVersion "1"]
[SourceVersionDate "2020.05.31"]
[SourceQuality "1"]
[WhiteTeam "Russia 65"]
[BlackTeam "Austria 65"]
[WhiteTeamCountry "RUS"]
[BlackTeamCountry "AUT"]

1. c4 e5 2. Nc3 Nf6 3. Nf3 Nc6 4. e3 Bb4 5. Qc2 0-0 6. Nd5 Re8 7. Bd3 h6 8. Nxf6+ Qxf6 9. Bh7+ Kh8 10. Be4 Bf8 11. 0-0 Nb4 12. Qc3 c6 13. a3 d5 14. Bb1 Na6 15. d4 exd4 16. Nxd4 c5 17. Qd3 g6 18. Ne2 dxc4 19. Qxc4 Be6 20. Qb5 Bd5 21. Nf4 Bc6 22. Qb3 Rad8 23. Bd3 Bd6 24. Bd2 Nc7 25. Bc3 Be5 26. Bxe5 Rxe5 27. Qc3 Kg7 28. Rad1 Nd5 29. Nxd5 Rexd5 30. Qxf6+ Kxf6 31. Bc2 Rd2 32. Rfe1 b5 33. Rc1 c4 34. Kf1 a5 35. Red1 Rxc2 0-1

[Event "WchT Seniors 65"]
[Site "Rhodes"]
[Date "2019.04.19"]
[Round "4.8"]
[White "Herzog, Adolf"]
[Black "Vucenovic, Dragomir"]
[Result "0-1"]
[WhiteElo "2337"]
[BlackElo "2168"]
[PlyCount "96"]
[EventDate "2019.04.16"]
[EventType "team-swiss"]
[EventRounds "9"]
[EventCountry "GRE"]
[SourceTitle "CBM 190 Extra"]
[Source "ChessBase"]
[SourceDate "2019.07.15"]
[SourceVersion "1"]
[SourceVersionDate "2019.07.15"]
[SourceQuality "1"]
[WhiteTeam "Austria"]
[BlackTeam "Switzerland"]
[WhiteTeamCountry "AUT"]
[BlackTeamCountry "SUI"]

1. d4 d5 2. Nf3 Nf6 3. c3 g6 4. Bf4 Bg7 5. e3 0-0 6. Nbd2 b6 7. Rc1 Bb7 8. Bd3 Nbd7 9. h3 Ne4 10. Bh2 c5 11. 0-0 Rc8 12. Re1 Nxd2 13. Qxd2 Nf6 14. Be5 Ne4 15. Bxe4 dxe4 16. Bxg7 Kxg7 17. Nh2 cxd4 18. exd4 h5 19. Nf1 e6 20. Qf4 Qc7 21. Qg5 Qd8 22. Qe5+ f6 23. Qg3 f5 24. Qe5+ Qf6 25. Qxf6+ Kxf6 26. c4 Rfd8 27. Red1 Ba6 28. b3 b5 29. c5 b4 30. f4 exf3 31. gxf3 Be2 32. Rd2 Bxf3 33. Ne3 g5 34. Nc4 g4 35. Ne5 Bd5 36. Kh2 Rg8 37. Rg1 Rc7 38. Nd3 Rcg7 39. h4 g3+ 40. Kh3 Rg4 41. Nxb4 f4 42. Nxd5+ exd5 43. Kg2 Rxh4 44. Kf3 Re8 45. Rd3 Kf5 46. Rc3 Rh2 47. Rg2 Rxg2 48. Kxg2 Kg4 0-1

[Event "WchT Seniors 65"]
[Site "Rhodes"]
[Date "2019.04.18"]
[Round "3.4"]
[White "Birnboim, Nathan"]
[Black "Herzog, Adolf"]
[Result "1-0"]
[WhiteElo "2365"]
[BlackElo "2337"]
[PlyCount "81"]
[EventDate "2019.04.16"]
[EventType "team-swiss"]
[EventRounds "9"]
[EventCountry "GRE"]
[SourceTitle "CBM 190 Extra"]
[Source "ChessBase"]
[SourceDate "2019.07.15"]
[SourceVersion "1"]
[SourceVersionDate "2019.07.15"]
[SourceQuality "1"]
[WhiteTeam "Israel"]
[BlackTeam "Austria"]
[WhiteTeamCountry "ISR"]
[BlackTeamCountry "AUT"]

1. d4 d5 2. c4 c6 3. Nf3 Nf6 4. Nc3 dxc4 5. a4 Bf5 6. e3 Na6 7. Bxc4 Nb4 8. 0-0 e6 9. a5 Be7 10. Bd2 0-0 11. Ne2 Bc2 12. Qc1 Be4 13. Ne5 Bd5 14. a6 Qb6 15. Nc3 Rfc8 16. Na4 Qc7 17. Bxb4 Bxb4 18. Bxd5 cxd5 19. Qxc7 Rxc7 20. axb7 Rxb7 21. Rfc1 g6 22. Rc6 a5 23. Kf1 Kg7 24. Ke2 Rab8 25. Rac1 Bf8 26. Nd3 Ne4 27. Ra6 Bb4 28. Rc2 h5 29. f3 Nf6 30. Ne5 Ne8 31. Nc6 Rc7 32. e4 dxe4 33. fxe4 Bf8 34. Nb6 Rbb7 35. Kd3 Bb4 36. h3 h4 37. Nc4 Nf6 38. N6xa5 Rb5 39. Nc6 Be1 40. Nd6 Rb3+ 41. Ke2 1-0

[Event "Ortisei Server24 op 4th"]
[Site "Ortisei"]
[Date "2018.06.24"]
[Round "9"]
[White "Herzog, Adolf"]
[Black "Movileanu, Daniela"]
[Result "1-0"]
[WhiteElo "2344"]
[BlackElo "2199"]
[PlyCount "59"]
[EventDate "2018.06.16"]
[EventType "tourn"]
[EventRounds "9"]
[EventCountry "ITA"]
[SourceTitle "CBM 185 Extra"]
[Source "ChessBase"]
[SourceDate "2018.07.29"]
[SourceVersion "1"]
[SourceVersionDate "2018.07.29"]
[SourceQuality "1"]

1. d4 Nf6 2. Nf3 g6 3. Bf4 Bg7 4. c3 0-0 5. Nbd2 d5 6. e3 c5 7. Bd3 Nc6 8. h3 b6 9. Ne5 Bb7 10. Nxc6 Bxc6 11. Be5 Re8 12. f4 Ne4 13. Bxe4 dxe4 14. Bxg7 Kxg7 15. 0-0 Rc8 16. f5 e5 17. f6+ Kh8 18. dxc5 bxc5 19. Nc4 Re6 20. Qg4 Qf8 21. Rad1 Rb8 22. b3 h6 23. Qxe6 fxe6 24. Nxe5 Qc8 25. f7 Qc7 26. f8Q+ Rxf8 27. Rxf8+ Kg7 28. Rf7+ Qxf7 29. Nxf7 Kxf7 30. Rd6 1-0

[Event "Ortisei Server24 op 3rd"]
[Site "Ortisei"]
[Date "2016.06.06"]
[Round "4"]
[White "Herzog, Adolf"]
[Black "Krulich, Roman"]
[Result "1/2-1/2"]
[WhiteElo "2358"]
[BlackElo "2215"]
[PlyCount "261"]
[EventDate "2016.06.04"]
[EventType "swiss"]
[EventRounds "9"]
[EventCountry "ITA"]
[SourceTitle "CBM 172 Extra"]
[Source "ChessBase"]
[SourceDate "2016.06.21"]
[SourceVersion "1"]
[SourceVersionDate "2016.06.21"]
[SourceQuality "1"]

1. f4 d5 2. Nf3 g6 3. g3 Bg7 4. Bg2 c6 5. c3 Nf6 6. d3 0-0 7. 0-0 Nbd7 8. Na3 Qb6+ 9. Kh1 Ng4 10. Nc2 e5 11. fxe5 Ndxe5 12. d4 Nc4 13. h3 Nf6 14. b3 Nd6 15. Ne5 Nfe4 16. Qe1 f6 17. Nd3 Qc7 18. Kh2 g5 19. Rf3 b6 20. Ne3 Bd7 21. Ba3 Rf7 22. c4 dxc4 23. bxc4 Re8 24. c5 Nb5 25. Bb2 f5 26. cxb6 axb6 27. Ne5 Rff8 28. N3c4 Be6 29. Qb4 Nxd4 30. Bxd4 c5 31. Qxb6 Qxb6 32. Nxb6 cxd4 33. Nd3 Rb8 34. Na4 Ra8 35. Nab2 Rxa2 36. Rxa2 Bxa2 37. Rf1 Nc3 38. Re1 Re8 39. Bf3 h6 40. Kg1 Kh7 41. Kf1 Kg6 42. Nb4 Bf7 43. N2d3 Ne4 44. g4 Nd2+ 45. Kf2 Nxf3 46. exf3 Rxe1 47. Nxe1 h5 48. Nc6 fxg4 49. fxg4 hxg4 50. hxg4 Be6 51. Nf3 Bxg4 52. Ncxd4 Bd7 53. Ne2 Kh5 54. Ng3+ Kg6 55. Ne4 g4 56. Nh4+ Kh5 57. Ng2 Bd4+ 58. Kg3 Be5+ 59. Kf2 Bc6 60. Ng3+ Kg5 61. Nf1 Bd4+ 62. Kg3 Be5+ 63. Kf2 Bd6 64. Nge3 Bc5 65. Kg3 Bd6+ 66. Kf2 Kf4 67. Ng2+ Kg5 68. Nge3 Be4 69. Ng3 Bg6 70. Kg2 Bc5 71. Ngf1 Be4+ 72. Kg3 Bd6+ 73. Kf2 Kh4 74. Nxg4 Kxg4 75. Ne3+ Kf4 76. Ng2+ Kg4 77. Ne3+ Kh3 78. Nf1 Bc5+ 79. Ne3 Kh2 80. Ke2 Kg3 81. Nf1+ Kf4 82. Nd2 Bd5 83. Kd3 Ke5 84. Nc4+ Kf4 85. Nd2 Be6 86. Nc4 Bf5+ 87. Kc3 Ke4 88. Nd2+ Kd5 89. Nb3 Bb6 90. Kb4 Bd3 91. Kc3 Bb5 92. Kb4 Bc6 93. Kc3 Ke4 94. Nd2+ Kd5 95. Nb3 Bb5 96. Kb4 Ba6 97. Kc3 Ke4 98. Nd2+ Kd5 99. Nb3 Bd8 100. Kc2 Bg5 101. Nd2 Bc8 102. Kc3 Bf5 103. Nb3 Bf6+ 104. Kb4 Bh4 105. Kc3 Be1+ 106. Kb2 Kc4 107. Nc1 Bc3+ 108. Ka2 Bc2 109. Ka3 Be5 110. Na2 Bd1 111. Nc1 Bd6+ 112. Kb2 Be5+ 113. Ka3 Bf4 114. Na2 Bb3 115. Kb2 Be5+ 116. Ka3 Bc2 117. Nc1 Bc3 118. Na2 Bd4 119. Nc1 Be3 120. Kb2 Bd1 121. Na2 Bd2 122. Ka3 Bb3 123. Kb2 Bd1 124. Ka3 Kd3 125. Nb4+ Kc4 126. Na2 Bf3 127. Kb2 Be4 128. Ka3 Bd5 129. Kb2 Kd3 130. Nc1+ Kc4 131. Ka3 1/2-1/2

[Event "Wch Seniors 23rd"]
[Site "Opatija"]
[Date "2013.11.21"]
[Round "9"]
[White "Kierzek, Matthias"]
[Black "Herzog, Adolf"]
[Result "0-1"]
[WhiteElo "2250"]
[BlackElo "2379"]
[PlyCount "76"]
[EventDate "2013.11.12"]
[EventType "swiss"]
[EventRounds "11"]
[EventCountry "CRO"]
[SourceTitle "CBM 157 Extra"]
[Source "ChessBase"]
[SourceDate "2013.12.19"]
[SourceVersion "1"]
[SourceVersionDate "2013.12.19"]
[SourceQuality "1"]

1. d4 d5 2. c4 c6 3. Nf3 Nf6 4. Nc3 dxc4 5. a4 e6 6. e4 Bb4 7. e5 Nd5 8. Bd2 b5 9. axb5 Bxc3 10. bxc3 cxb5 11. Ng5 Nc6 12. Qh5 Qe7 13. Ne4 0-0 14. Bg5 f6 15. exf6 gxf6 16. Bh6 Rd8 17. Be2 Kh8 18. 0-0 Rg8 19. Rfe1 a5 20. Bf3 Rg6 21. Nc5 Qf7 22. Bxd5 exd5 23. Qh4 b4 24. Qf4 Bh3 25. g3 bxc3 26. f3 Rag8 27. Kf2 Bc8 28. Rad1 Nb4 29. Rc1 c2 30. Qe3 Bf5 31. g4 Na2 32. gxf5 Rg2+ 33. Kf1 Nxc1 34. Rxc1 Qh5 35. Bf4 Qh3 36. Ke1 Qh4+ 37. Bg3 R8xg3 38. hxg3 Qh1+ 0-1

[Event "Wch Seniors 23rd"]
[Site "Opatija"]
[Date "2013.11.20"]
[Round "8"]
[White "Herzog, Adolf"]
[Black "Karason, Askell Orn"]
[Result "1/2-1/2"]
[WhiteElo "2379"]
[BlackElo "2220"]
[PlyCount "116"]
[EventDate "2013.11.12"]
[EventType "swiss"]
[EventRounds "11"]
[EventCountry "CRO"]
[SourceTitle "CBM 157 Extra"]
[Source "ChessBase"]
[SourceDate "2013.12.19"]
[SourceVersion "1"]
[SourceVersionDate "2013.12.19"]
[SourceQuality "1"]

1. c3 Nf6 2. d4 g6 3. Nf3 Bg7 4. Bf4 b6 5. Nbd2 Bb7 6. e3 d6 7. Bc4 0-0 8. Qe2 Nbd7 9. h3 e6 10. 0-0 Qe7 11. Rfd1 Rad8 12. Bh2 e5 13. b4 Nd5 14. Rac1 exd4 15. cxd4 Nxb4 16. a3 Nc6 17. Ba6 Ba8 18. d5 Nce5 19. Rxc7 Bxd5 20. Nd4 f5 21. Qb5 Ba2 22. Nc6 Nxc6 23. Qxc6 Ne5 24. Bxe5 Qxe5 25. Nf3 Qc5 26. Qb7 Rf7 27. Rxf7 Bxf7 28. Ng5 Bb3 29. Qe7 Rf8 30. Rd3 Ba2 31. g3 Qa5 32. Bb7 Qe5 33. Qxd6 Qxd6 34. Rxd6 Bf6 35. Nf3 Kg7 36. Bd5 Bxd5 37. Rxd5 Rd8 38. Rxd8 Bxd8 39. Nd4 Be7 40. a4 Kf6 41. Kf1 Bc5 42. Nb5 Ke5 43. Ke2 Kd5 44. Kd3 a5 45. Nc3+ Ke5 46. f4+ Ke6 47. e4 Bf2 48. g4 fxg4 49. hxg4 h5 50. f5+ gxf5 51. exf5+ Ke5 52. gxh5 Kxf5 53. Kc4 Be1 54. Nd5 Kg5 55. Kb5 Kxh5 56. Nxb6 Kg5 57. Nc4 Kf6 58. Nxa5 Ke6 1/2-1/2

[Event "Wch Seniors 23rd"]
[Site "Opatija"]
[Date "2013.11.19"]
[Round "7"]
[White "Filipenko, Alexander V"]
[Black "Herzog, Adolf"]
[Result "1/2-1/2"]
[WhiteElo "2288"]
[BlackElo "2379"]
[PlyCount "121"]
[EventDate "2013.11.12"]
[EventType "swiss"]
[EventRounds "11"]
[EventCountry "CRO"]
[SourceTitle "CBM 157 Extra"]
[Source "ChessBase"]
[SourceDate "2013.12.19"]
[SourceVersion "1"]
[SourceVersionDate "2013.12.19"]
[SourceQuality "1"]

1. e4 e6 2. d4 d5 3. Nc3 Bb4 4. e5 c5 5. a3 Bxc3+ 6. bxc3 Ne7 7. Qg4 cxd4 8. Qxg7 Rg8 9. Qxh7 Qc7 10. Ne2 Nbc6 11. f4 dxc3 12. Qd3 d4 13. Nxd4 Nxd4 14. Qxd4 Bd7 15. Rg1 Nf5 16. Qf2 Qc6 17. Bd3 Qd5 18. a4 Bc6 19. Ra3 0-0-0 20. Rxc3 Kb8 21. Rc5 Qa2 22. Qd2 Qxa4 23. Qc3 Bxg2 24. Kf2 Bc6 25. Ra5 Qd4+ 26. Qxd4 Nxd4 27. Rg3 Rh8 28. h3 Rdg8 29. Be3 Rxg3 30. Kxg3 Rg8+ 31. Kh4 b6 32. Ra1 Nf5+ 33. Bxf5 exf5 34. Bd4 Bd5 35. Rg1 Bg2 36. Kh5 Rg6 37. e6 Bf3+ 38. Kh4 Rxe6 39. Rg7 Rh6+ 40. Kg5 Rh5+ 41. Kf6 Bd5 42. Rg3 Kb7 43. Ke5 Bc4 44. Bf2 a5 45. h4 a4 46. Ra3 b5 47. Kd6 Rh6+ 48. Kc5 Be2 49. Kb4 Re6 50. Re3 Re4+ 51. Rxe4 fxe4 52. c4 bxc4 53. Kxa4 Kc6 54. Kb4 Kd5 55. Kc3 Ke6 56. Be3 Kf6 57. h5 Kg7 58. f5 Bxh5 59. Kxc4 Kf6 60. Kd4 Kxf5 61. Bh6 1/2-1/2

[Event "Wch Seniors 23rd"]
[Site "Opatija"]
[Date "2013.11.13"]
[Round "2"]
[White "Herzog, Adolf"]
[Black "Furman, Boris"]
[Result "1/2-1/2"]
[WhiteElo "2379"]
[BlackElo "2194"]
[PlyCount "106"]
[EventDate "2013.11.12"]
[EventType "swiss"]
[EventRounds "11"]
[EventCountry "CRO"]
[SourceTitle "CBM 157 Extra"]
[Source "ChessBase"]
[SourceDate "2013.12.19"]
[SourceVersion "1"]
[SourceVersionDate "2013.12.19"]
[SourceQuality "1"]

1. d4 Nf6 2. Nf3 d5 3. Bf4 c5 4. c3 Nc6 5. e3 e6 6. Nbd2 Bd6 7. Bg3 0-0 8. Bd3 b6 9. Ne5 Bb7 10. f4 Ne7 11. Bh4 Ne4 12. Nxe4 dxe4 13. Bc4 Qc7 14. Bxe7 Qxe7 15. 0-0 Rad8 16. a4 f6 17. Ng4 f5 18. Ne5 Bxe5 19. fxe5 cxd4 20. cxd4 Bd5 21. Qb3 g5 22. Bxd5 exd5 23. g3 Qe6 24. Rf2 Rc8 25. Raf1 Rc4 26. Qd1 Rcc8 27. Kh1 Kg7 28. Qh5 h6 29. g4 f4 30. exf4 Rxf4 31. Rxf4 gxf4 32. Rxf4 Rf8 33. Rxf8 Kxf8 34. Kg2 Qc6 35. Qf5+ Ke7 36. Kg3 Qc1 37. Qf6+ Ke8 38. Qe6+ Kf8 39. Qf5+ Ke8 40. Qf4 Qg1+ 41. Kh3 Qxd4 42. e6 Kd8 43. Qf8+ Kc7 44. Qf7+ Kc8 45. Qg8+ Kc7 46. Qh7+ Kc8 47. Qxh6 Qc5 48. Qh8+ Kc7 49. Qg7+ Kd6 50. Qd7+ Ke5 51. e7 Qe3+ 52. Kh4 Qh6+ 53. Kg3 Qe3+ 1/2-1/2

[Event "Ortisei Server24 op 2nd"]
[Site "Ortisei"]
[Date "2013.06.08"]
[Round "8"]
[White "Herzog, Adolf"]
[Black "Koziol, Kamil"]
[Result "1/2-1/2"]
[WhiteElo "2401"]
[BlackElo "2008"]
[PlyCount "105"]
[EventDate "2013.06.01"]
[EventType "swiss"]
[EventRounds "9"]
[EventCountry "ITA"]
[SourceTitle "CBM 154 Extra"]
[Source "ChessBase"]
[SourceDate "2013.06.25"]
[SourceVersion "2"]
[SourceVersionDate "2013.06.25"]
[SourceQuality "1"]

1. d4 d5 2. Nf3 e6 3. Bf4 c5 4. c3 Nc6 5. e3 Nf6 6. Bd3 Bd6 7. Bg3 Qe7 8. Ne5 Nd7 9. f4 0-0 10. Nd2 f6 11. Bxh7+ Kxh7 12. Qh5+ Kg8 13. Ng6 Qe8 14. Nf3 Ne7 15. Nfh4 Nxg6 16. Nxg6 Kf7 17. 0-0 f5 18. Bh4 Nf6 19. Bxf6 Kxf6 20. Qg5+ Kf7 21. Rf3 Rh8 22. Nxh8+ Qxh8 23. Rh3 Qg8 24. Qh5+ g6 25. Qd1 b5 26. a4 Bd7 27. axb5 Bxb5 28. b3 c4 29. b4 a6 30. Kh1 Qg7 31. g4 Rh8 32. Rg3 Qh7 33. Ra2 Be7 34. Rag2 Bd8 35. Qg1 Bf6 36. Rf3 Bd7 37. Rfg3 Bb5 38. Qa1 Bd8 39. Qa2 Be7 40. Rg1 Bd8 41. Qg2 Bf6 42. Rf1 Ba4 43. Rg1 Bb5 44. Qc2 Ba4 45. Qa2 Bb5 46. R1g2 Bd8 47. Kg1 Bh4 48. Rf3 Bd8 49. Kh1 Qh4 50. Rfg3 Qh7 51. Qa1 Bf6 52. Qg1 Bc6 53. Qa1 1/2-1/2

[Event "Ortisei Server24 op 2nd"]
[Site "Ortisei"]
[Date "2013.06.06"]
[Round "6"]
[White "Herzog, Adolf"]
[Black "Zucchelli, Massimo"]
[Result "0-1"]
[WhiteElo "2401"]
[BlackElo "2186"]
[PlyCount "107"]
[EventDate "2013.06.01"]
[EventType "swiss"]
[EventRounds "9"]
[EventCountry "ITA"]
[SourceTitle "CBM 154 Extra"]
[Source "ChessBase"]
[SourceDate "2013.06.25"]
[SourceVersion "2"]
[SourceVersionDate "2013.06.25"]
[SourceQuality "1"]

1. d4 Nf6 2. Nf3 e6 3. c3 c5 4. e3 b6 5. Nbd2 Be7 6. Bd3 Ba6 7. Bxa6 Nxa6 8. 0-0 0-0 9. Qe2 Qc8 10. h3 Qb7 11. Ne5 d6 12. Ng4 Nxg4 13. hxg4 Nc7 14. f4 f5 15. gxf5 exf5 16. Qf3 Qxf3 17. Nxf3 Bf6 18. Bd2 Rfe8 19. Rae1 h5 20. Bc1 b5 21. Rd1 c4 22. d5 Na6 23. Nd4 Bxd4 24. Rxd4 Nc5 25. Kf2 Ne4+ 26. Kf3 Rac8 27. Bd2 Rc7 28. a4 Nc5 29. b4 Nb3 30. axb5 Nxd4+ 31. exd4 Rce7 32. Rf2 Rb8 33. Be3 Rxb5 34. Ra2 Rxd5 35. Ra6 Rc7 36. Bf2 Kf7 37. Bh4 Ke6 38. Bd8 Rd7 39. Bh4 Rb5 40. Rc6 Kd5 41. Ra6 g6 42. Bf2 Rdb7 43. Be3 Rh7 44. Bf2 h4 45. Ra1 h3 46. gxh3 Rxh3+ 47. Bg3 a5 48. bxa5 Rb3 49. Kg2 Rh8 50. Be1 Rhb8 51. a6 Rb1 52. Ra5+ R8b5 53. Ra4 Rxe1 54. a7 0-1

[Event "AUT-chT 9900"]
[Site "Austria"]
[Date "1999.10.25"]
[Round "4.5"]
[White "Ganaus, Hannes"]
[Black "Herzog, Adolf"]
[Result "1-0"]
[WhiteElo "2344"]
[BlackElo "2399"]
[PlyCount "157"]
[EventDate "1999.10.22"]
[EventType "team-tourn"]
[EventRounds "11"]
[EventCountry "AUT"]
[SourceTitle "EXT 2000"]
[Source "ChessBase"]
[SourceDate "1999.11.16"]
[SourceVersion "1"]
[SourceVersionDate "1999.11.16"]
[SourceQuality "1"]
[WhiteTeam "Melk-Wachau SK NOE"]
[BlackTeam "Ottakring"]
[WhiteTeamCountry "AUT"]
[BlackTeamCountry "AUT"]

1. d4 Nf6 2. c4 g6 3. Nc3 Bg7 4. e4 d6 5. Nf3 0-0 6. Be2 e5 7. 0-0 Nc6 8. d5 Ne7 9. a4 Nh5 10. Ra3 h6 11. g3 Bh3 12. Re1 f5 13. Kh1 Bg4 14. Ng1 Bxe2 15. Ngxe2 a5 16. exf5 Nf6 17. fxg6 Ng4 18. Ne4 Nxf2+ 19. Nxf2 Rxf2 20. Nc3 Qe8 21. Ne4 Rf8 22. Qh5 Rf5 23. Qg4 Qxg6 24. Qxg6 Nxg6 25. Kg2 Rf7 26. Rb3 b6 27. Rf1 Rxf1 28. Kxf1 Rf8+ 29. Ke2 Ne7 30. Rf3 Nf5 31. Be3 Nxe3 32. Rxf8+ Bxf8 33. Kxe3 Kf7 34. Nc3 Be7 35. Ke4 Kg6 36. Kf3 Kf5 37. Ne4 Bd8 38. g4+ Kg6 39. h3 Bh4 40. Ke2 Kf7 41. Kd3 Ke7 42. b3 Kf7 43. Nd2 Bg5 44. Nf3 Kg6 45. Ke4 Kf6 46. h4 Bc1 47. Ng1 Bd2 48. Nf3 Bc1 49. Ne1 Bd2 50. Nd3 Bc3 51. Kf3 Kg6 52. Nf2 Be1 53. h5+ Kf7 54. Ne4 Bh4 55. Ke2 Ke7 56. Kd3 Kf7 57. Kc3 Ke7 58. Kb2 Kf7 59. Ka3 Be1 60. Kb2 Bh4 61. Kc2 Kg7 62. Kd3 Kf7 63. c5 dxc5 64. Kc4 Ke7 65. d6+ cxd6 66. Kd5 b5 67. axb5 c4 68. Kxc4 Ke6 69. b6 Bd8 70. b7 Bc7 71. Nc3 Bb8 72. Nd5 Kf7 73. Kd3 Ke6 74. Ke4 Ba7 75. g5 hxg5 76. h6 Kf7 77. Kf5 g4 78. Kxg4 Kg6 79. Ne7+ 1-0

[Event "AUT-chT 9899"]
[Site "Austria"]
[Date "1999.??.??"]
[Round "?"]
[White "Herzog, Adolf"]
[Black "Schwarz, Michael"]
[Result "0-1"]
[WhiteElo "2410"]
[BlackElo "2405"]
[PlyCount "36"]
[EventDate "1998.??.??"]
[EventType "team"]
[EventRounds "11"]
[EventCountry "AUT"]
[SourceTitle "EXT 2000"]
[Source "ChessBase"]
[SourceDate "1999.11.16"]
[SourceVersion "1"]
[SourceVersionDate "1999.11.16"]
[SourceQuality "1"]

1. d4 c5 2. c3 cxd4 3. cxd4 d5 4. Nc3 Nc6 5. Nf3 Nf6 6. g3 Ne4 7. Bg2 Nxc3 8. bxc3 e6 9. 0-0 Be7 10. Qd3 0-0 11. e4 Na5 12. Re1 b6 13. exd5 exd5 14. Ne5 Bb7 15. h4 Bf6 16. Ng4 Nc4 17. Qf5 Be7 18. Bf4 g6 0-1

[Event "AUT-chT 9899"]
[Site "Austria"]
[Date "1999.??.??"]
[Round "?"]
[White "Herzog, Adolf"]
[Black "Steflitsch, Erich"]
[Result "1-0"]
[WhiteElo "2410"]
[BlackElo "2305"]
[PlyCount "69"]
[EventDate "1998.??.??"]
[EventType "team"]
[EventRounds "11"]
[EventCountry "AUT"]
[SourceTitle "EXT 2000"]
[Source "ChessBase"]
[SourceDate "1999.11.16"]
[SourceVersion "1"]
[SourceVersionDate "1999.11.16"]
[SourceQuality "1"]

1. d4 d5 2. Nf3 Nf6 3. Bf4 c5 4. c3 Qb6 5. Qb3 c4 6. Qc2 g6 7. Nbd2 Bf5 8. Qc1 Nc6 9. h3 Bg7 10. g4 Be4 11. Bg2 0-0 12. 0-0 Rfe8 13. Bh2 Bxf3 14. Nxf3 Rad8 15. Qc2 Ne4 16. Rad1 Qa5 17. a3 e6 18. Nd2 Nxd2 19. Qxd2 b5 20. Qg5 Qb6 21. e4 f6 22. Qe3 e5 23. exd5 exd4 24. Qg3 Na5 25. Rxd4 f5 26. Rdd1 Be5 27. Qf3 Bxh2+ 28. Kxh2 Qd6+ 29. Kh1 fxg4 30. Qxg4 Nb3 31. f4 Re3 32. f5 Rg3 33. Qe2 Nc5 34. f6 Nd3 35. Qe7 1-0

[Event "AUT-chT 9899"]
[Site "Austria"]
[Date "1998.??.??"]
[Round "?"]
[White "Herzog, Adolf"]
[Black "Duer, Werner"]
[Result "1/2-1/2"]
[WhiteElo "2410"]
[BlackElo "2320"]
[PlyCount "166"]
[EventDate "1998.??.??"]
[EventType "team"]
[EventRounds "11"]
[EventCountry "AUT"]
[SourceTitle "EXT 2000"]
[Source "ChessBase"]
[SourceDate "1999.11.16"]
[SourceVersion "1"]
[SourceVersionDate "1999.11.16"]
[SourceQuality "1"]

1. d4 d5 2. Nf3 Nf6 3. e3 c5 4. Be2 Nc6 5. 0-0 Bg4 6. h3 Bh5 7. Nbd2 cxd4 8. Nxd4 Bxe2 9. Qxe2 e6 10. b3 Nxd4 11. exd4 Rc8 12. Qd3 Qc7 13. c4 dxc4 14. bxc4 Be7 15. Bb2 0-0 16. Rac1 Rfd8 17. Rfe1 Bb4 18. a3 Ba5 19. Qe3 Nh5 20. g3 Nf6 21. Re2 Bxd2 22. Rxd2 Qb6 23. Qf3 Qa6 24. Rdc2 h6 25. Kg2 Rc6 26. Qb3 Rdc8 27. a4 Qb6 28. Qb5 Qc7 29. a5 Ra6 30. d5 Rxa5 31. Qb4 b6 32. Bxf6 gxf6 33. Qd2 Kg7 34. Rc3 Qd6 35. Rd3 exd5 36. Rd4 f5 37. Rd1 Rcc5 38. cxd5 Rab5 39. Qd3 Qd7 40. d6 a5 41. Re1 Re5 42. Rxe5 Rxe5 43. Qc3 Kg6 44. Qf3 b5 45. g4 fxg4 46. Qg3 Kf6 47. Qf4+ Rf5 48. Qxh6+ Ke5 49. Qe3+ Kf6 50. hxg4 Rg5 51. Kg3 b4 52. Kh4 Rg6 53. Rf4+ Kg7 54. Qe5+ Kg8 55. Rd4 Re6 56. Qg5+ Kf8 57. Qc5 b3 58. Qc7 Ke8 59. Qxa5 b2 60. Qa8+ Qd8+ 61. Qxd8+ Kxd8 62. Rb4 Rxd6 63. Rxb2 Ke7 64. f4 Kf6 65. Rb5 Rd1 66. g5+ Kg7 67. Rb7 Rf1 68. Kg4 Rg1+ 69. Kf5 Rg2 70. Rb3 Rg1 71. Rh3 Rg2 72. Rh4 Rg1 73. Rg4 Re1 74. Rg2 Ra1 75. Kg4 f6 76. Rb2 fxg5 77. Rb7+ Kf6 78. Rb6+ Kf7 79. Kxg5 Ra7 80. f5 Kg7 81. Rg6+ Kf8 82. Rf6+ Kg7 83. Rh6 Ra1 1/2-1/2

[Event "AUT-chT 9697"]
[Site "Austria"]
[Date "1997.??.??"]
[Round "11"]
[White "Herzog, Adolf"]
[Black "Bawart, Markus"]
[Result "1-0"]
[WhiteElo "2385"]
[BlackElo "2255"]
[PlyCount "57"]
[EventDate "1996.??.??"]
[EventType "team"]
[EventRounds "11"]
[EventCountry "AUT"]
[SourceTitle "CBM 057 Extra"]
[Source "ChessBase"]
[SourceDate "1997.05.01"]
[SourceVersion "1"]
[SourceVersionDate "1997.05.01"]
[SourceQuality "1"]

1. c4 c6 2. b4 d5 3. cxd5 cxd5 4. Bb2 Nf6 5. Nf3 Qb6 6. a3 Nc6 7. e3 Bg4 8. b5 e5 9. Nc3 Na5 10. h3 Bxf3 11. Qxf3 Qe6 12. e4 Rd8 13. exd5 Nxd5 14. Nxd5 Rxd5 15. Bc3 Nb3 16. Bc4 e4 17. Qd1 Nxa1 18. Qxa1 Qd7 19. Bxd5 Qxd5 20. 0-0 Bc5 21. Bxg7 Rg8 22. Re1 Kd7 23. Qe5 Qxe5 24. Bxe5 f5 25. Rc1 b6 26. a4 Ke6 27. Bf4 a6 28. a5 Rc8 29. axb6 1-0

[Event "AUT-chT 9697"]
[Site "Austria"]
[Date "1997.??.??"]
[Round "9"]
[White "Herzog, Adolf"]
[Black "Felsberger, Alfred"]
[Result "0-1"]
[WhiteElo "2380"]
[BlackElo "2390"]
[PlyCount "58"]
[EventDate "1996.??.??"]
[EventType "team"]
[EventRounds "11"]
[EventCountry "AUT"]
[SourceTitle "CBM 057 Extra"]
[Source "ChessBase"]
[SourceDate "1997.05.01"]
[SourceVersion "1"]
[SourceVersionDate "1997.05.01"]
[SourceQuality "1"]

1. d4 Nf6 2. Nf3 e6 3. Bf4 c5 4. c3 b6 5. Nbd2 Bb7 6. e3 cxd4 7. exd4 Be7 8. Bd3 d6 9. 0-0 0-0 10. Re1 Re8 11. Ng5 Nbd7 12. Qc2 Nf8 13. Re3 g6 14. Nh3 Nd5 15. Rg3 Nxf4 16. Nxf4 Bh4 17. Rh3 Qf6 18. g3 Bg5 19. Ng2 Bxd2 20. Qxd2 e5 21. dxe5 dxe5 22. Qh6 Rad8 23. g4 Rd6 24. g5 Qe6 25. Re1 Red8 26. Ree3 Rxd3 27. Rxd3 Qc6 28. Kf1 Qxg2+ 29. Ke1 Qg1+ 0-1